¿Funciona bien la web de mi Administracin̤? Gua̕ bs̀ica de analt̕ica digital para Administraciones pb︢licas /

Detalles Bibliográficos
Autor principal: Jimňez, Sergio
Formato: eBook
Lenguaje:español
Publicado: Madrid: Instituto Nacional de Administracin̤ Pb︢lica (INAP), 2020
Materias:
Acceso en línea:Acceso restringido

MARC

LEADER 00000nam a22000007a 4500
005 20210519220713.0
007 cr|||| ||||
008 210519s2020 es |||||s|||| 00||0 spa d
020 |a 978-84-7351-707-2 
035 |a 33588 
040 |a vLex 
090 |c 11737  |d 11737 
100 1 |a Jimňez, Sergio 
245 1 0 |a ¿Funciona bien la web de mi Administracin̤?  |h [Recurso electrn̤ico] :  |b Gua̕ bs̀ica de analt̕ica digital para Administraciones pb︢licas /  |c Sergio Jimňez 
256 |a Servicio en ln̕ea 
260 |a Madrid:  |b Instituto Nacional de Administracin̤ Pb︢lica (INAP),  |c 2020 
300 |a 1 recurso electrn̤ico 
500 |a Una de las preguntas ms̀ frecuentes que se hace una persona responsable de una web es si esta funciona bien. Y es que hacer una web, adems̀ de ser, en muchos casos, una obligacin̤ legal es un reto en el que las Administraciones ponen muchas ilusiones y expectativas sin saber si, de verdad, han logrado lo que se proponen. Este libro trata, precisamente, de ayudar a responsables pb︢licos de perfil polt̕ico y tčnico, as ̕como a consultores y colaboradores de las AA. PP., a saber qu ̌tienen que mirar para empezar a conocer cm̤o funciona su web y, sobre todo, qu ̌le parece a su pb︢lico. Esto no es un simple manual de analt̕ica web, sino que es una recopilacin̤ detallada de los principales tipos de web que utilizan las Administraciones pb︢licas y los datos que necesitan los diferentes implicados en su uso y gestin̤ para poder entenderlas y tomar decisiones sobre ellas basados en aǫs de experiencia y observacin̤. El libro incluye el acceso a descargas de recursos digitales para iniciar un proyecto de analt̕ica en una Administracin̤ pb︢lica. 
506 1 |a Disponible solo en los productos indicados  |d vLex Global  |d vLex Global (Academic Edition, excluding Law Schools)  |d vLex Global (U.S. Academic Edition, Law Schools)  |d vLex Global (U.S. Academic Edition, excluding Law Schools)  |d vLex Global (Academic Edition, Law Schools) 
650 0 4 |a Derecho Pb︢lico y Administrativo  |z Espaą 
740 0 |a vLex Libros (Servicio en ln̕ea) 
856 4 0 |u https://vlex.com/source/funciona-bien-la-web-de-mi-administracion-guia-basica-de-analitica-digital-para-administraciones-publicas-33588  |z Acceso restringido 
942 |c BOOK 
999 0 |a Public and Administrative Law